Normal view
MARC view
- Deneux, Xavier
Entry Nombre Personal
001 - NUMERO DE CONTROL
- campo de control: 51261
003 - IDENTIFICADOR DE NUMERO DE CONTROL
- campo de control: UPN
005 - FECHA Y HORA DE LA ÜLTIMA TRANSACCIÓN
- campo de control: 20240301141216.0
008 - DATOS DE LONGITUD FIJA
- campo de control de longitud fija: 240301|| aca||aabn | aaa d
040 ## - FUENTE DE CATALOGACIÓN
- Agencia original de catalogación: MX-MxUPN
- Lenguaje de catalogación: spa
- Agencia de transcripción: MX-MxUPN
100 1# - ENCABEZAMIENTO - NOMBRE PERSONAL
- Nombre personal: Deneux, Xavier
670 ## - FUENTE EN LA QUE SE LOCALIZARON DATOS
- Cita de la fuente: LC, 01 marzo 2024:
- Información localizada: (Deneux, Xavier)
- Uniform Resource Identifier: https://lccn.loc.gov/n2005083435
902 ## - CATALOGADOR
- Catalogador: MaríaRobles/010324
